| 000 | 00348nam a22001217a 4500 | ||
|---|---|---|---|
| 020 | _a0-250-40423-0 | ||
| 082 | _a662.66 BEN'S | ||
| 100 |
_aSALMAN, E. J,BENTZ, C. B,BENTZ, EDWARD. J _974933 |
||
| 245 | _aSYNTHETIC FUELS TECHNOLOGY OVERVIEW WITH HEALTH AND ENVIRONMENTAL IMPACTS | ||
| 260 |
_aUSA _bANN ARBOR _c1981 |
||
| 300 | _a136P | ||
| 942 | _cBK | ||
| 999 |
_c580436 _d580436 |
||